[Event "Condigne Dutch Open 2018"]
[Site "Dieren"]
[Date "2018.07.27"]
[Round "4"]
[White "Warmerdam, Max"]
[Black "Lobanov, Sergei"]
[Result "0-1"]
[WhiteElo "2424"]
[BlackElo "2521"]
[Annotator "TA"]
[PlyCount "48"]
[EventDate "2018.07.24"]
[EventType "swiss"]
[EventCountry "NED"]
[SourceTitle "playchess.com"]
[Source "ChessBase"]
[SourceQuality "1"]

{[%evp 17,48,2,22,30,20,18,128,78,77,75,114,0,0,-24,-29,-27,-37,-155,-148,-145,-158,-197,-131,-452,-452,-443,-439,-408,-409,-445,-397,-442,-391]} 1. e4 c5 2. Nf3 d6 3. d4 cxd4 4. Nxd4 Nf6 5. Nc3 a6 6. Be3 e6 7. f3 b5 8. Qd2 Nbd7 9. O-O-O h5 {LiveBook: 21 Games. B80: Sicilian Scheveningen: 6 g3 and 6 Be3, including English Attack} (9... Bb7 10. a3 Rc8 11. g4 Nb6 12. Nb3 Nfd7 13. Kb1 d5 14. exd5 Nxd5 15. Nxd5 Bxd5 16. Bg2 Qc7 17. f4 Bxg2 18. Qxg2 {1-0 (45) Mamedov,N (2590)-Popov,I (2661) Skopje 2015}) 10. a4 b4 $146 ({Predecessor:} 10... bxa4 11. Nxa4 Bb7 12. Kb1 Be7 13. Bc4 Qc7 14. Bb3 O-O 15. Bf4 Ne5 16. Rhe1 Rab8 17. Re3 Ng6 18. Rc3 Qd8 19. Be3 d5 20. Qe2 Qe8 21. Nc5 {½-½ (21) Zugrav,W (2559)-Ljubicic,A (2487) ICCF email 2016}) 11. Na2 $1 a5 (11... d5 $11 {keeps the balance.}) 12. Bb5 Bb7 13. Bg5 {[#] Hoping for e5!} Qc7 14. e5 (14. Rhe1 $16) 14... Nd5 $11 15. Qd3 Be7 16. Bxe7 Kxe7 17. f4 ({White should try} 17. exd6+ $15 Qxd6 18. Kb1) 17... dxe5 $17 18. fxe5 Nxe5 19. Qg3 Ng4 (19... Rac8 $19 20. Rd2 Nc4 21. Qg5+ Kf8 22. Bxc4 Qxc4) 20. Nf5+ $2 {[%mdl 8192] [#]} (20. Qxc7+ $17 {is tougher.} Nxc7 21. Bc6 Bxc6 22. Nxc6+ Kf8 23. Rd7) 20... exf5 $19 21. Rxd5 Qxg3 22. Rd7+ Kf6 23. hxg3 Bxg2 24. Rhd1 g6 {Precision: White = 36%, Black = 48%.} 0-1

[Event "Condigne Dutch Open 2018"]
[Site "Dieren"]
[Date "2018.07.27"]
[Round "4"]
[White "Vrolijk, Liam"]
[Black "Saravanan, V.."]
[Result "1-0"]
[WhiteElo "2419"]
[BlackElo "2326"]
[Annotator "NA"]
[PlyCount "47"]
[EventDate "2018.07.24"]
[EventType "swiss"]
[EventCountry "NED"]
[SourceTitle "playchess.com"]
[Source "ChessBase"]
[SourceQuality "1"]
[TimeControl "40/5400+30:1800+30"]

1. d4 {[%emt 0:00:00]} Nf6 {[%emt 0:05:43]} 2. c4 {[%emt 0:00:00]} e6 {[%emt 0:00:06]} 3. Nf3 {[%emt 0:00:55]} b6 {[%emt 0:00:07]} 4. g3 {[%emt 0:00:23]} Bb7 {[%emt 0:00:06]} 5. Bg2 {[%emt 0:00:06]} Be7 {[%emt 0:00:10]} 6. O-O {[%emt 0:01:26]} O-O {[%emt 0:01:17]} 7. Nc3 {[%emt 0:00:35]} Ne4 {[%emt 0:00:11]} 8. Bd2 {[%emt 0:00:06]} Bf6 {[%emt 0:00:51]} 9. Ne5 {[%emt 0:02:35]} Nxc3 {[%emt 0:12:46]} 10. Bxc3 {[%emt 0:00:08]} Bxg2 {[%emt 0:00:08]} 11. Kxg2 {[%emt 0:00:06]} d5 {[%emt 0:17:27]} 12. Qd3 {[%emt 0:08:52]} Bxe5 {[%emt 0:27:26]} 13. dxe5 {[%emt 0:00:08]} dxc4 {[%emt 0:00:03]} 14. Qxc4 {[%emt 0:00:16]} Qd5+ {[%emt 0:00:22]} 15. Qxd5 {[%emt 0:00:07]} exd5 {[%emt 0:00:04]} 16. Rad1 {[%emt 0:01:46]} c6 {[%emt 0:00:06]} 17. e4 {[%emt 0:00:19]} dxe4 {[%emt 0:00:36]} 18. Rfe1 {[%emt 0:00:30]} Na6 {[%emt 0:13:13]} 19. Rxe4 {[%emt 0:01:04]} Rfd8 {[%emt 0:00:09]} 20. Rxd8+ {[%emt 0:07:25]} Rxd8 {[%emt 0:00:11]} 21. Ra4 {[%emt 0:00:08]} Nc7 {[%emt 0:01:04]} 22. Rxa7 {[%emt 0:00:42]} Nd5 {[%emt 0:00:04]} 23. e6 {[%emt 0:01:25]} Nxc3 {[%emt 0:04:43]} 24. Rd7 {[%emt 0:00:47]} 1-0

[Event "Condigne Dutch Open 2018"]
[Site "Dieren"]
[Date "2018.07.27"]
[Round "4"]
[White "Beukema, Stefan"]
[Black "Van Osch, Mees"]
[Result "1/2-1/2"]
[WhiteElo "2404"]
[BlackElo "2324"]
[Annotator "NA"]
[PlyCount "29"]
[EventDate "2018.07.24"]
[EventType "swiss"]
[EventCountry "NED"]
[SourceTitle "playchess.com"]
[Source "ChessBase"]
[SourceQuality "1"]
[TimeControl "40/5400+30:1800+30"]

1. e4 {[%emt 0:00:00]} e6 {[%emt 0:00:08]} 2. d4 {[%emt 0:00:00]} d5 {[%emt 0:00:06]} 3. Nc3 {[%emt 0:00:00]} Nf6 {[%emt 0:00:03]} 4. Bg5 {[%emt 0:00:00]} Bb4 {[%emt 0:00:25]} 5. e5 {[%emt 0:00:03]} h6 {[%emt 0:00:06]} 6. Bd2 {[%emt 0:00:05]} Bxc3 {[%emt 0:00:05]} 7. bxc3 {[%emt 0:00:07]} Ne4 {[%emt 0:00:04]} 8. Qg4 {[%emt 0:00:07]} Kf8 {[%emt 0:00:15]} 9. Bd3 {[%emt 0:00:09]} Nxd2 {[%emt 0:00:18]} 10. Kxd2 {[%emt 0:00:06]} c5 {[%emt 0:00:04]} 11. h4 {[%emt 0:01:15]} Nc6 {[%emt 0:00:04]} 12. Rh3 {[%emt 0:08:25]} c4 {[%emt 0:02:06]} 13. Bf1 {[%emt 0:00:56]} b5 {[%emt 0:01:02]} 14. Ne2 {[%emt 0:01:37]} Bd7 {[%emt 0:00:18]} 15. Qf4 {[%emt 0:07:31]} 1/2-1/2

[Event "Condigne Dutch Open 2018"]
[Site "Dieren"]
[Date "2018.07.27"]
[Round "4"]
[White "Bosboom, Manuel"]
[Black "De Boer, Eelke"]
[Result "0-1"]
[WhiteElo "2403"]
[BlackElo "2317"]
[Annotator "NA"]
[PlyCount "76"]
[EventDate "2018.07.24"]
[EventType "swiss"]
[EventCountry "NED"]
[SourceTitle "playchess.com"]
[Source "ChessBase"]
[SourceQuality "1"]
[TimeControl "40/5400+30:1800+30"]

1. d4 {[%emt 0:00:00]} Nf6 {[%emt 0:00:30]} 2. Nf3 {[%emt 0:00:30]} g6 {[%emt 0:00:30]} 3. Bg5 {[%emt 0:00:30]} Bg7 {[%emt 0:00:30]} 4. e3 {[%emt 0:00:30]} O-O {[%emt 0:00:30]} 5. Nbd2 {[%emt 0:00:30]} d6 {[%emt 0:00:30]} 6. c3 {[%emt 0:00:30]} h6 {[%emt 0:00:30]} 7. Bh4 {[%emt 0:00:30]} g5 {[%emt 0:00:30]} 8. Nxg5 {[%emt 0:00:30]} hxg5 {[%emt 0:00:30]} 9. Bxg5 {[%emt 0:00:30]} Bf5 {[%emt 0:00:30]} 10. h4 {[%emt 0:00:30]} c5 {[%emt 0:00:30]} 11. Qf3 {[%emt 0:00:30]} Qd7 {[%emt 0:00:30]} 12. Bxf6 {[%emt 0:00:30]} Bxf6 {[%emt 0:00:30]} 13. g4 {[%emt 0:00:30]} Bh7 {[%emt 0:00:30]} 14. g5 {[%emt 0:00:30]} Bg7 {[%emt 0:00:30]} 15. Bh3 {[%emt 0:00:30]} Qc6 {[%emt 0:00:30]} 16. d5 {[%emt 0:00:30]} Qb5 {[%emt 0:00:30]} 17. Bf5 {[%emt 0:00:30]} Bxf5 {[%emt 0:00:30]} 18. Qxf5 {[%emt 0:00:30]} Qxb2 {[%emt 0:00:30]} 19. Rb1 {[%emt 0:00:30]} Qxc3 {[%emt 0:00:30]} 20. Ke2 {[%emt 0:00:30]} c4 {[%emt 0:00:30]} 21. Ne4 {[%emt 0:00:30]} Qd3+ {[%emt 0:00:30]} 22. Kf3 {[%emt 0:00:30]} e6 {[%emt 0:00:30]} 23. Qg4 {[%emt 0:00:30]} Nd7 {[%emt 0:00:30]} 24. Kg2 {[%emt 0:00:30]} Ne5 {[%emt 0:00:30]} 25. Qf4 {[%emt 0:00:30]} Qxd5 {[%emt 0:00:30]} 26. Rbd1 {[%emt 0:00:30]} Nd3 {[%emt 0:00:30]} 27. Qg4 {[%emt 0:00:30]} Qf5 {[%emt 0:00:30]} 28. Qxf5 {[%emt 0:00:30]} exf5 {[%emt 0:00:30]} 29. Nxd6 {[%emt 0:00:30]} Nb2 {[%emt 0:00:30]} 30. Rb1 {[%emt 0:00:30]} Rfd8 {[%emt 0:00:30]} 31. Nxf5 {[%emt 0:00:30]} Rd2 {[%emt 0:00:30]} 32. h5 {[%emt 0:00:30]} Nd3 {[%emt 0:00:30]} 33. Rhf1 {[%emt 0:00:30]} b6 {[%emt 0:00:30]} 34. h6 {[%emt 0:00:30]} Bh8 {[%emt 0:00:30]} 35. Kg3 {[%emt 0:00:30]} c3 {[%emt 0:00:30]} 36. Rb5 {[%emt 0:00:30]} c2 {[%emt 0:00:30]} 37. Rd5 {[%emt 0:00:30]} Rd1 {[%emt 0:00:30]} 38. Ne7+ {[%emt 0:00:30]} Kf8 {[%emt 0:00:30]} 0-1

[Event "Condigne Dutch Open 2018"]
[Site "Dieren"]
[Date "2018.07.27"]
[Round "4"]
[White "Schoppen, Casper"]
[Black "Van den Doel, Erik"]
[Result "1/2-1/2"]
[WhiteElo "2395"]
[BlackElo "2593"]
[Annotator "ChessBase"]
[PlyCount "56"]
[EventDate "2018.07.24"]
[EventType "swiss"]
[EventCountry "NED"]
[SourceTitle "playchess.com"]
[Source "ChessBase"]
[SourceQuality "1"]
[TimeControl "40/5400+30:1800+30"]

1. d4 {[%emt 0:00:00]} d5 {[%emt 0:00:06]} 2. c4 {[%emt 0:00:00]} c6 {[%emt 0:00:04]} 3. Nf3 {[%emt 0:00:17]} Nf6 {[%emt 0:00:11]} 4. Nc3 {[%emt 0:00:04]} e6 {[%emt 0:00:48]} 5. e3 {[%emt 0:01:55]} Nbd7 {[%emt 0:00:15]} 6. Qc2 {[%emt 0:00:07]} Bd6 {[%emt 0:00:05]} 7. g4 {[%emt 0:01:20]} Nxg4 {[%emt 0:04:16]} 8. Rg1 {[%emt 0:00:07]} Qf6 {[%emt 0:00:07]} 9. Rxg4 {[%emt 0:05:46]} Qxf3 {[%emt 0:00:04]} 10. Rxg7 {[%emt 0:00:42]} Nf6 {[%emt 0:08:14]} 11. Rg5 {[%emt 0:21:24]} Qh1 {[%emt 0:03:26]} 12. Bd2 {[%emt 0:15:46]} Qxh2 {[%emt 0:03:29]} 13. O-O-O {[%emt 0:00:55]} Bd7 {[%emt 0:05:51]} 14. e4 {[%emt 0:17:01]} Nxe4 {[%emt 0:36:34]} 15. Nxe4 {[%emt 0:00:06]} dxe4 {[%emt 0:00:03]} 16. Qxe4 {[%emt 0:00:48]} O-O-O {[%emt 0:07:38]} 17. Bg2 {[%emt 0:12:57]} h6 {[%emt 0:03:38]} 18. Ra5 {[%emt 0:06:07]} Rhg8 {[%emt 0:04:03]} 19. Bf3 {[%emt 0:01:29]} Qxf2 {[%emt 0:01:01]} 20. Rxa7 {[%emt 0:01:45]} Kb8 {[%emt 0:03:14]} 21. Ra5 {[%emt 0:01:07]} e5 {[%emt 0:04:50]} 22. dxe5 {[%emt 0:01:17]} Bc7 {[%emt 0:03:16]} 23. Be3 {[%emt 0:02:56]} Bf5 {[%emt 0:01:05]} 24. Rxd8+ {[%emt 0:05:22]} Bxd8 {[%emt 0:00:03]} 25. Bxf2 {[%emt 0:00:09]} Bxe4 {[%emt 0:00:04]} 26. Ra3 {[%emt 0:00:11]} Bf5 {[%emt 0:04:24]} 27. Bc5 {[%emt 0:00:47]} Kc8 {[%emt 0:01:00]} 28. Kd2 {[%emt 0:00:28]} Be6 {[%emt 0:02:17]} 1/2-1/2

[Event "Condigne Dutch Open 2018"]
[Site "Dieren"]
[Date "2018.07.27"]
[Round "4"]
[White "Shyaamnikhil P"]
[Black "Ivanisevic, Ivan"]
[Result "1/2-1/2"]
[WhiteElo "2375"]
[BlackElo "2567"]
[Annotator "ChessBase"]
[PlyCount "119"]
[EventDate "2018.07.24"]
[EventType "swiss"]
[EventCountry "NED"]
[SourceTitle "playchess.com"]
[Source "ChessBase"]
[SourceQuality "1"]
[TimeControl "40/5400+30:1800+30"]

1. Nf3 {[%emt 0:00:00]} Nf6 {[%emt 0:00:06]} 2. g3 {[%emt 0:00:27]} g6 {[%emt 0:00:08]} 3. b3 {[%emt 0:00:12]} Bg7 {[%emt 0:00:07]} 4. Bb2 {[%emt 0:00:05]} c5 {[%emt 0:00:10]} 5. Bg2 {[%emt 0:00:41]} d6 {[%emt 0:01:43]} 6. d4 {[%emt 0:04:18]} cxd4 {[%emt 0:00:08]} 7. Nxd4 {[%emt 0:01:13]} d5 {[%emt 0:00:25]} 8. c4 {[%emt 0:07:23]} dxc4 {[%emt 0:01:12]} 9. bxc4 {[%emt 0:00:12]} O-O {[%emt 0:00:20]} 10. Nd2 {[%emt 0:03:12]} Ng4 {[%emt 0:08:15]} 11. N2b3 {[%emt 0:09:19]} Ne5 {[%emt 0:08:57]} 12. Qc2 {[%emt 0:07:03]} Nbc6 {[%emt 0:03:06]} 13. Nxc6 {[%emt 0:09:18]} bxc6 {[%emt 0:00:57]} 14. f4 {[%emt 0:04:34]} Ng4 {[%emt 0:00:41]} 15. Bxg7 {[%emt 0:00:10]} Kxg7 {[%emt 0:00:04]} 16. Qc3+ {[%emt 0:01:32]} Kg8 {[%emt 0:01:04]} 17. Bxc6 {[%emt 0:14:20]} Rb8 {[%emt 0:00:04]} 18. Bf3 {[%emt 0:00:17]} e5 {[%emt 0:18:51]} 19. h3 {[%emt 0:03:19]} Nf6 {[%emt 0:00:04]} 20. Qxe5 {[%emt 0:03:39]} Bb7 {[%emt 0:04:42]} 21. Rd1 {[%emt 0:17:18]} Qb6 {[%emt 0:01:38]} 22. c5 {[%emt 0:01:18]} Qb4+ {[%emt 0:00:32]} 23. Kf2 {[%emt 0:00:08]} Bxf3 {[%emt 0:00:29]} 24. exf3 {[%emt 0:00:14]} Nh5 {[%emt 0:01:23]} 25. Rhe1 {[%emt 0:00:28]} a5 {[%emt 0:01:15]} 26. c6 {[%emt 0:04:44]} Qb6+ {[%emt 0:10:36]} 27. Nd4 {[%emt 0:00:43]} Ng7 {[%emt 0:00:12]} 28. Rb1 {[%emt 0:04:15]} Qxb1 {[%emt 0:00:23]} 29. Rxb1 {[%emt 0:00:05]} Rxb1 {[%emt 0:00:04]} 30. g4 {[%emt 0:01:28]} Rb2+ {[%emt 0:07:49]} 31. Kg3 {[%emt 0:00:07]} Rxa2 {[%emt 0:00:05]} 32. c7 {[%emt 0:00:10]} Rd2 {[%emt 0:10:48]} 33. Qc5 {[%emt 0:00:23]} Rc8 {[%emt 0:01:22]} 34. Qb6 {[%emt 0:00:10]} Ne8 {[%emt 0:05:24]} 35. Qb8 {[%emt 0:00:42]} Nd6 {[%emt 0:00:14]} 36. Nc6 {[%emt 0:00:22]} Re2 {[%emt 0:00:38]} 37. Na7 {[%emt 0:00:23]} Rf8 {[%emt 0:00:25]} 38. Qd8 {[%emt 0:00:25]} Rd2 {[%emt 0:03:25]} 39. Nc6 {[%emt 0:01:21]} Nf5+ {[%emt 0:06:12]} 40. gxf5 {[%emt 0:00:06]} Rfxd8 {[%emt 0:30:08]} 41. cxd8=Q+ {[%emt 0:34:26]} Rxd8 {[%emt 0:00:08]} 42. Nxd8 {[%emt 0:00:00]} gxf5 {[%emt 0:00:20]} 43. Nc6 {[%emt 0:00:00]} a4 {[%emt 0:00:25]} 44. Ne7+ {[%emt 0:00:00]} Kf8 {[%emt 0:00:00]} 45. Nxf5 {[%emt 0:00:00]} a3 {[%emt 0:00:00]} 46. Nd4 {[%emt 0:00:00]} a2 {[%emt 0:00:00]} 47. Nc2 {[%emt 0:00:00]} Ke7 {[%emt 0:00:00]} 48. Kf2 {[%emt 0:00:00]} Ke6 {[%emt 0:00:00]} 49. Ke2 {[%emt 0:01:16]} Kf5 {[%emt 0:00:00]} 50. Ke3 {[%emt 0:00:06]} Kg6 {[%emt 0:00:00]} 51. Na1 {[%emt 0:01:42]} Kf5 {[%emt 0:00:00]} 52. Nb3 {[%emt 0:01:08]} Kg6 {[%emt 0:00:00]} 53. Na1 {[%emt 0:00:52]} Kf5 {[%emt 0:00:00]} 54. h4 {[%emt 0:00:49]} Kg6 {[%emt 0:00:00]} 55. Kf2 {[%emt 0:00:08]} Kh5 {[%emt 0:00:00]} 56. Kg3 {[%emt 0:00:06]} f5 {[%emt 0:00:00]} 57. Kh3 {[%emt 0:00:06]} Kg6 {[%emt 0:00:00]} 58. Kg3 {[%emt 0:00:03]} Kh5 {[%emt 0:00:00]} 59. Kh3 {[%emt 0:00:03]} Kg6 {[%emt 0:00:00]} 60. Kg3 {[%emt 0:00:03]} 1/2-1/2

[Event "Condigne Dutch Open 2018"]
[Site "Dieren"]
[Date "2018.07.27"]
[Round "4"]
[White "Buckels, Valentin"]
[Black "Van Meegen, Ruud"]
[Result "1-0"]
[WhiteElo "2353"]
[BlackElo "2222"]
[Annotator "NA"]
[PlyCount "69"]
[EventDate "2018.07.24"]
[EventType "swiss"]
[EventCountry "NED"]
[SourceTitle "playchess.com"]
[Source "ChessBase"]
[SourceQuality "1"]
[TimeControl "40/5400+30:1800+30"]

1. d4 {[%emt 0:00:00]} Nf6 {[%emt 0:00:06]} 2. c4 {[%emt 0:00:00]} c5 {[%emt 0:00:07]} 3. d5 {[%emt 0:00:00]} b5 {[%emt 0:00:17]} 4. cxb5 {[%emt 0:00:00]} a6 {[%emt 0:00:05]} 5. bxa6 {[%emt 0:00:16]} g6 {[%emt 0:00:06]} 6. Nc3 {[%emt 0:00:09]} Bxa6 {[%emt 0:00:06]} 7. e4 {[%emt 0:00:13]} Bxf1 {[%emt 0:00:09]} 8. Kxf1 {[%emt 0:00:05]} d6 {[%emt 0:00:10]} 9. g3 {[%emt 0:00:19]} Bg7 {[%emt 0:00:16]} 10. Nf3 {[%emt 0:00:19]} O-O {[%emt 0:00:13]} 11. Kg2 {[%emt 0:00:04]} Nbd7 {[%emt 0:00:09]} 12. a4 {[%emt 0:00:07]} Ra6 {[%emt 0:01:15]} 13. Qc2 {[%emt 0:01:08]} Qa8 {[%emt 0:00:21]} 14. Ra3 {[%emt 0:00:08]} e6 {[%emt 0:01:15]} 15. dxe6 {[%emt 0:03:00]} fxe6 {[%emt 0:00:06]} 16. Re1 {[%emt 0:06:46]} d5 {[%emt 0:01:26]} 17. exd5 {[%emt 0:00:06]} exd5 {[%emt 0:00:04]} 18. Nb5 {[%emt 0:00:08]} Qb7 {[%emt 0:01:37]} 19. Bf4 {[%emt 0:16:02]} d4 {[%emt 0:09:23]} 20. Nc7 {[%emt 0:07:43]} Rb6 {[%emt 0:03:30]} 21. Qc4+ {[%emt 0:08:19]} Kh8 {[%emt 1:20:19]} 22. Re7 {[%emt 0:20:34]} Rb4 {[%emt 0:00:00]} 23. Qe6 {[%emt 0:00:49]} Rb6 {[%emt 0:00:00]} 24. Qh3 {[%emt 0:00:52]} Rxb2 {[%emt 0:00:00]} 25. Ne6 {[%emt 0:12:00]} Ne4 {[%emt 0:00:00]} 26. Rxg7 {[%emt 0:11:12]} Rxf2+ {[%emt 0:00:00]} 27. Kh1 {[%emt 0:00:08]} Qb1+ {[%emt 0:00:00]} 28. Ng1 {[%emt 0:00:04]} Ndf6 {[%emt 0:00:00]} 29. Be5 {[%emt 0:06:02]} h5 {[%emt 0:00:00]} 30. Rxg6 {[%emt 0:02:15]} Rf7 {[%emt 0:00:00]} 31. Qxh5+ {[%emt 0:01:39]} Rh7 {[%emt 0:00:00]} 32. Rh6 {[%emt 0:00:57]} Rxh2+ {[%emt 0:00:00]} 33. Qxh2 {[%emt 0:01:14]} Nf2+ {[%emt 0:00:00]} 34. Kg2 {[%emt 0:00:17]} Qe4+ {[%emt 0:00:00]} 35. Nf3 {[%emt 0:00:18]} 1-0

[Event "Condigne Dutch Open 2018"]
[Site "Dieren"]
[Date "2018.07.27"]
[Round "4"]
[White "Wiersma, Eelke"]
[Black "Krishnater Kushager"]
[Result "0-1"]
[WhiteElo "2346"]
[BlackElo "2209"]
[Annotator "NA"]
[PlyCount "44"]
[EventDate "2018.07.24"]
[EventType "swiss"]
[EventCountry "NED"]
[SourceTitle "playchess.com"]
[Source "ChessBase"]
[SourceQuality "1"]
[TimeControl "40/5400+30:1800+30"]

1. e4 {[%emt 0:00:00]} e5 {[%emt 0:00:07]} 2. Nf3 {[%emt 0:00:00]} Nc6 {[%emt 0:00:06]} 3. Bc4 {[%emt 0:00:00]} Nf6 {[%emt 0:00:06]} 4. Ng5 {[%emt 0:00:09]} d5 {[%emt 0:00:05]} 5. exd5 {[%emt 0:00:09]} Na5 {[%emt 0:00:06]} 6. Bb5+ {[%emt 0:00:11]} c6 {[%emt 0:00:06]} 7. dxc6 {[%emt 0:00:09]} bxc6 {[%emt 0:00:05]} 8. Bd3 {[%emt 0:00:09]} h6 {[%emt 0:02:00]} 9. Ne4 {[%emt 0:00:28]} Nd5 {[%emt 0:00:05]} 10. Ng3 {[%emt 0:07:13]} Nf4 {[%emt 0:07:31]} 11. Be4 {[%emt 0:03:40]} f5 {[%emt 0:01:57]} 12. Bf3 {[%emt 0:12:49]} e4 {[%emt 0:03:03]} 13. Nxe4 {[%emt 0:06:56]} fxe4 {[%emt 0:00:18]} 14. Bxe4 {[%emt 0:00:07]} Bd6 {[%emt 0:05:41]} 15. g3 {[%emt 0:05:54]} O-O {[%emt 0:01:10]} 16. gxf4 {[%emt 0:06:19]} Qh4 {[%emt 0:00:45]} 17. d3 {[%emt 0:05:19]} Bg4 {[%emt 0:00:19]} 18. Qd2 {[%emt 0:00:25]} Bxf4 {[%emt 0:00:46]} 19. Qxf4 {[%emt 0:00:08]} Rxf4 {[%emt 0:00:04]} 20. Bxf4 {[%emt 0:00:06]} Qf6 {[%emt 0:01:35]} 21. Bc1 {[%emt 0:06:59]} Rf8 {[%emt 0:00:08]} 22. f3 {[%emt 0:00:06]} Bxf3 {[%emt 0:00:43]} 0-1

[Event "Condigne Dutch Open 2018"]
[Site "Dieren"]
[Date "2018.07.27"]
[Round "4"]
[White "Maatman, Nick"]
[Black "Krysa, Leandro"]
[Result "1-0"]
[WhiteElo "2345"]
[BlackElo "2533"]
[Annotator "RC"]
[PlyCount "79"]
[EventDate "2018.07.24"]
[EventType "swiss"]
[EventCountry "NED"]
[SourceTitle "playchess.com"]
[Source "ChessBase"]
[SourceQuality "1"]
[TimeControl "40/5400+30:1800+30"]

1. d4 {[%emt 0:00:25]} Nf6 {[%emt 0:02:46]} 2. c4 {[%emt 0:00:04]} e6 {[%emt 0:00:10]} 3. Nc3 {[%emt 0:00:04]} Bb4 {[%emt 0:00:10]} 4. Qc2 {[%emt 0:00:03]} d5 {[%emt 0:00:18]} 5. cxd5 {[%emt 0:00:23]} exd5 {[%emt 0:00:23]} 6. Bg5 {[%emt 0:01:04]} h6 {[%emt 0:00:33]} 7. Bh4 {[%emt 0:01:01]} g5 {[%emt 0:02:11]} 8. Bg3 {[%emt 0:00:17]} Nc6 {[%emt 0:00:03]} 9. e3 {[%emt 0:05:28]} h5 {[%emt 0:00:10]} 10. Bb5 {[%emt 0:29:02]} h4 {[%emt 0:17:20]} 11. Be5 {[%emt 0:01:54]} O-O {[%emt 0:01:11]} 12. Bxc6 {[%emt 0:12:33]} bxc6 {[%emt 0:00:08]} 13. Nge2 {[%emt 0:01:57]} Ne4 {[%emt 0:08:46]} 14. Qa4 {[%emt 0:06:30]} Bxc3+ {[%emt 0:07:15]} 15. Nxc3 {[%emt 0:06:12]} Nxf2 {[%emt 0:28:54]} 16. O-O {[%emt 0:04:40]} Ng4 {[%emt 0:00:12]} 17. Qxc6 {[%emt 0:00:10]} Be6 {[%emt 0:01:49]} 18. Bxc7 {[%emt 0:02:28]} Qe8 {[%emt 0:01:35]} 19. Qd6 {[%emt 0:03:21]} Rc8 {[%emt 0:06:29]} 20. Rae1 {[%emt 0:01:12]} f5 {[%emt 0:03:23]} 21. Nxd5 {[%emt 0:04:15]} Rf7 {[%emt 0:02:11]} 22. e4 {[%emt 0:00:07]} Rd7 {[%emt 0:00:44]} 23. Qa6 {[%emt 0:02:41]} f4 {[%emt 0:05:10]} 24. h3 {[%emt 0:02:14]} Bxd5 {[%emt 0:00:23]} 25. exd5 {[%emt 0:00:19]} Ne3 {[%emt 0:00:32]} 26. d6 {[%emt 0:01:19]} Rcxc7 {[%emt 0:02:33]} 27. dxc7 {[%emt 0:00:11]} Rxc7 {[%emt 0:08:41]} 28. Qd3 {[%emt 0:03:34]} Kg7 {[%emt 0:00:00]} 29. Rc1 {[%emt 0:00:54]} Rd7 {[%emt 0:00:00]} 30. Rfe1 {[%emt 0:00:36]} Qe6 {[%emt 0:00:00]} 31. Rc5 {[%emt 0:00:57]} Kh6 {[%emt 0:00:00]} 32. d5 {[%emt 0:02:48]} Qf7 {[%emt 0:01:21]} 33. Rc6+ {[%emt 0:00:18]} Kg7 {[%emt 0:00:23]} 34. Qd4+ {[%emt 0:00:42]} Kh7 {[%emt 0:00:27]} 35. Qd3+ {[%emt 0:01:03]} Kg7 {[%emt 0:00:04]} 36. Qd4+ {[%emt 0:01:17]} Kh7 {[%emt 0:00:03]} 37. Qe4+ {[%emt 0:00:58]} Kg7 {[%emt 0:00:21]} 38. Qe5+ {[%emt 0:00:08]} Kh7 {[%emt 0:00:09]} 39. Qxg5 {[%emt 0:00:53]} Nf5 {[%emt 0:02:36]} 40. Rf6 {[%emt 0:00:28]} 1-0

[Event "Condigne Dutch Open 2018"]
[Site "Dieren"]
[Date "2018.07.27"]
[Round "4"]
[White "Rajesh, V A V"]
[Black "De Boer, Bas"]
[Result "1-0"]
[WhiteElo "2309"]
[BlackElo "2139"]
[Annotator "NA"]
[PlyCount "89"]
[EventDate "2018.07.24"]
[EventType "swiss"]
[EventCountry "NED"]
[SourceTitle "playchess.com"]
[Source "ChessBase"]
[SourceQuality "1"]
[TimeControl "40/5400+30:1800+30"]

1. d4 {[%emt 0:00:00]} d5 {[%emt 0:00:07]} 2. c4 {[%emt 0:00:00]} c6 {[%emt 0:00:04]} 3. Nf3 {[%emt 0:00:00]} Nf6 {[%emt 0:00:04]} 4. e3 {[%emt 0:00:09]} Bg4 {[%emt 0:00:36]} 5. h3 {[%emt 0:00:31]} Bh5 {[%emt 0:00:10]} 6. Nc3 {[%emt 0:00:16]} e6 {[%emt 0:00:36]} 7. g4 {[%emt 0:00:31]} Bg6 {[%emt 0:00:09]} 8. Ne5 {[%emt 0:00:05]} Nbd7 {[%emt 0:02:08]} 9. Nxg6 {[%emt 0:01:00]} hxg6 {[%emt 0:00:10]} 10. cxd5 {[%emt 0:00:43]} exd5 {[%emt 0:01:53]} 11. Bg2 {[%emt 0:00:11]} g5 {[%emt 0:02:33]} 12. Qd3 {[%emt 0:00:36]} Be7 {[%emt 0:05:28]} 13. Bd2 {[%emt 0:00:29]} Nf8 {[%emt 0:01:56]} 14. O-O-O {[%emt 0:00:36]} Ng6 {[%emt 0:01:05]} 15. f4 {[%emt 0:01:38]} Nh4 {[%emt 0:04:27]} 16. fxg5 {[%emt 0:03:34]} Nd7 {[%emt 0:02:20]} 17. Qe2 {[%emt 0:05:24]} Nxg2 {[%emt 0:02:38]} 18. Qxg2 {[%emt 0:00:06]} Bxg5 {[%emt 0:00:07]} 19. e4 {[%emt 0:02:54]} Bxd2+ {[%emt 0:01:51]} 20. Rxd2 {[%emt 0:00:03]} dxe4 {[%emt 0:00:37]} 21. Qxe4+ {[%emt 0:00:32]} Qe7 {[%emt 0:00:40]} 22. Re2 {[%emt 0:03:11]} Qxe4 {[%emt 0:01:04]} 23. Nxe4 {[%emt 0:00:15]} O-O {[%emt 0:02:25]} 24. Nd6 {[%emt 0:00:59]} b6 {[%emt 0:03:49]} 25. Rf1 {[%emt 0:02:51]} Nf6 {[%emt 0:02:23]} 26. Re7 {[%emt 0:00:19]} Rfd8 {[%emt 0:01:59]} 27. Nxf7 {[%emt 0:05:04]} Rxd4 {[%emt 0:03:32]} 28. Ng5 {[%emt 0:02:17]} Rd7 {[%emt 0:16:26]} 29. Rxd7 {[%emt 0:00:39]} Nxd7 {[%emt 0:00:02]} 30. Rf7 {[%emt 0:00:13]} Nf8 {[%emt 0:03:09]} 31. Rc7 {[%emt 0:00:08]} c5 {[%emt 0:00:15]} 32. Rb7 {[%emt 0:00:18]} Nh7 {[%emt 0:03:41]} 33. Ne6 {[%emt 0:00:18]} g5 {[%emt 0:00:07]} 34. Rg7+ {[%emt 0:01:12]} Kh8 {[%emt 0:00:20]} 35. Re7 {[%emt 0:00:04]} Kg8 {[%emt 0:03:40]} 36. Kd2 {[%emt 0:00:22]} Rc8 {[%emt 0:05:19]} 37. Rg7+ {[%emt 0:04:00]} Kh8 {[%emt 0:00:14]} 38. Rxa7 {[%emt 0:00:07]} Re8 {[%emt 0:00:10]} 39. Ng7 {[%emt 0:00:13]} Re5 {[%emt 0:01:22]} 40. Nh5 {[%emt 0:00:21]} Nf8 {[%emt 0:31:42]} 41. Ra8 {[%emt 0:30:05]} Kg8 {[%emt 0:00:22]} 42. Ra7 {[%emt 0:01:13]} Rd5+ {[%emt 0:04:17]} 43. Ke3 {[%emt 0:00:55]} Rd1 {[%emt 0:00:32]} 44. Nf6+ {[%emt 0:00:25]} Kh8 {[%emt 0:00:17]} 45. Rf7 {[%emt 0:00:36]} 1-0